000 01451nam a2200265Ii 4500
003 JO-AjNU
005 20240623124910.0
008 230605s9999||||xx |||||||||||||| ||und||
040 _aJO-AjNU
_bara
_erda
_cJO-AjNU
041 _aara
050 _aHF5667.
_bB2436 2006
100 1 _aباجليدة، غسان سعيد سالم
_964754
_eمعد
245 0 _aمدى استخدام إجراءات المراجعة التحليلية من قبل مدققي الحسابات في الجمهورية اليمنية : دراسة ميدانية = The use of analytical review procedures by yemeni's auditors : An Empirical Study /
_cإعداد غسان سعيد سالم باجليدة ؛ إشراف عمر عيسى جهماني
260 _c2006
300 _a114ورقة
336 _atext
_btxt
_2rdacontent
337 _aunmediated
_bn
_2rdamedia
338 _avolume
_bnc
_2rdacarrier
500 _aرسالة جامعية (ماجستير محاسبة) -- جامعة اليرموك (إربد، الأردن)، كلية الإقتصاد و العلوم الإدارية، قسم المحاسبة، 2006.
501 _aتحتوي على ملاحق
504 _aتحتوي على مراجع باللغتين العربية والانجليزية
650 4 0 _aمراجعة الحسابات-محاسبة تحليلية-تدقيق حسابات-الاردن.
_964755
700 1 _aجهماني، عمر عيسى
_964756
_eمشرف
942 _2lcc
_cTHS
999 _c32991
_d32991